Geographic North American Sports (1995) NFL, CFL, MLB, NHL, NBA, NPSL - Statistics

General Stats
  • This quiz has been taken 33 times
  • The average score is 53 of 66
Answer Stats
Hint Answer % Correct
3 Boston
100%
6 Chicago
100%
3 Dallas
100%
5 Detroit
100%
3 Houston
100%
3 Kansas City
100%
4 Los Angeles
100%
3 Minnesota
100%
2 Montreal
100%
4 Toronto
100%
2 Edmonton
96%
1 Jacksonville
96%
2 Miami
96%
7 New York
96%
3 Seattle
96%
3 Washington
96%
2 Calgary
93%
2 San Diego
93%
2 Vancouver
93%
3 Atlanta
89%
3 Buffalo
89%
3 Cincinnati
89%
2 Denver
89%
1 Green Bay
89%
3 Milwaukee
89%
2 Ottawa
89%
4 Philadelphia
89%
2 San Francisco
89%
4 Cleveland
86%
1 New Orleans
86%
3 Pittsburgh
86%
1 Portland
86%
1 Sacramento
86%
4 St. Louis
86%
3 Tampa Bay
86%
3 Baltimore
82%
1 Carolina
82%
1 Indiana
82%
1 Indianapolis
82%
1 Memphis
82%
2 New Jersey
82%
2 Oakland
82%
1 Orlando
82%
2 San Antonio
82%
2 Winnipeg
82%
2 Colorado
79%
2 Florida
79%
1 Utah
79%
1 Arizona
75%
1 San Jose
71%
1 Charlotte
68%
1 Phoenix
68%
1 Anaheim
64%
1 Golden State
64%
1 New England
64%
1 Texas
64%
1 Hamilton
61%
1 Saskatchewan
61%
1 BC
54%
1 California
50%
1 Birmingham
39%
1 Hartford
39%
1 Wichita
29%
1 Harrisburg
25%
1 Canton
21%
1 Shreveport
21%
No matching quizzes found
Score Distribution
Percent of People with Each Score
Percentile by Number Answered
Your Score History
You have not taken this quiz